000 00393nam a22001697a 4500
005 20180321110409.0
008 160625b xxu||||| |||| 00| 0 eng d
020 _a978-81-203-273-3
041 _aeng
082 _b10107
_a338.502 465 8
100 _aMaheshwari, Yogesh
_9418
245 _aManagirial Economics
260 _bPHI
300 _a265
650 _aManagement
_9241
942 _cBK
999 _c4049
_d4048